[Event "Avoine op 24th"]
[Site "Avoine"]
[Date "2009.07.20"]
[Round "2"]
[White "Schwarzat, Julian"]
[Black "Francois, Ginaud"]
[Result "1/2-1/2"]
[WhiteElo "2018"]
[BlackElo "1879"]
[PlyCount "41"]
[EventDate "2009.07.18"]
[EventType "swiss"]
[EventRounds "9"]
[EventCountry "FRA"]
[SourceTitle "CBM 131 Extra"]
[Source "ChessBase"]
[SourceDate "2009.09.03"]
[SourceVersion "2"]
[SourceVersionDate "2009.09.16"]
[SourceQuality "1"]

1. e4 e6 2. d4 d5 3. e5 c5 4. c3 Nc6 5. Nf3 Bd7 6. a3 Qc7 7. Bd3 Nge7 8. 0-0 h6 9. Re1 g5 10. dxc5 Bg7 11. b4 Nxe5 12. Nxe5 Bxe5 13. Qh5 Bg7 14. Bb2 a5 15. Nd2 Nc6 16. Nf3 Ne5 17. Nxe5 Bxe5 18. g3 Bg7 19. Qe2 0-0 20. c4 d4 21. Be4 1/2-1/2

[Event "Avoine op 23rd"]
[Site "Avoine"]
[Date "2008.07.25"]
[Round "7"]
[White "Francois, Ginaud"]
[Black "Serve, Emmanuel"]
[Result "0-1"]
[WhiteElo "1865"]
[BlackElo "2017"]
[PlyCount "96"]
[EventDate "2008.07.19"]
[EventType "swiss"]
[EventRounds "9"]
[EventCountry "FRA"]
[SourceTitle "CBM 125 Extra"]
[Source "ChessBase"]
[SourceDate "2008.09.01"]
[SourceVersion "1"]
[SourceVersionDate "2008.09.01"]
[SourceQuality "1"]

1. e4 Nf6 2. e5 Nd5 3. Nc3 Nxc3 4. bxc3 d6 5. f4 g6 6. d4 c5 7. Nf3 Bg7 8. h3 0-0 9. Bd2 b6 10. g4 dxe5 11. dxe5 Nc6 12. Bg2 Ba6 13. Ng5 Qc8 14. Be4 h6 15. Nf3 g5 16. fxg5 hxg5 17. Nxg5 Nxe5 18. Rh2 Rd8 19. Rf2 f6 20. Nf3 Qe6 21. Nxe5 Qxe5 22. Qf3 Bb7 23. Re2 Bxe4 24. Rxe4 Qd5 25. Qe2 Rd7 26. c4 Qd6 27. Bf4 e5 28. Be3 Rad8 29. Kf2 Qc6 30. Qf3 Qa4 31. Qe2 Qa3 32. h4 Qc3 33. Qe1 Qxc2+ 34. Kf3 f5 35. gxf5 Rf8 36. Rg4 Rxf5+ 37. Kg3 e4 38. Kh3 Rf3+ 39. Rg3 Rdf7 40. Rc1 Qxa2 41. Rd1 Rxg3+ 42. Kxg3 Rf3+ 43. Kg4 Qg2+ 44. Kh5 Rf5+ 45. Bg5 Qf3+ 46. Kg6 Rf6+ 47. Bxf6 Qxf6+ 48. Kh5 Qf5# 0-1